Ťažké rozhodovanie nad priepasťou
Skúsenosti členky predstavenstva Plzenského Prazdroja Drahomíry Mandíkovej ako manažérky aj ako mentorky, ktorá pomáha ľuďom nájsť spôsob, ako si na pracovnej križovatke vybrať správny smer.
Enregistré dans:
| Auteur principal: | |
|---|---|
| Format: | Chapitre de livre |
| Langue: | slovaque |
| Sujets: | |
| Tags: |
Pas de tags, Soyez le premier à ajouter un tag!
|
MARC
| LEADER | 00000naa a2200000 4500 | ||
|---|---|---|---|
| 001 | 0225135 | ||
| 005 | 20231113084019.5 | ||
| 041 | 0 | |a slo | |
| 044 | |a SK | ||
| 245 | 1 | 0 | |a Ťažké rozhodovanie nad priepasťou |c Júlia Mekyňová |
| 520 | |a Skúsenosti členky predstavenstva Plzenského Prazdroja Drahomíry Mandíkovej ako manažérky aj ako mentorky, ktorá pomáha ľuďom nájsť spôsob, ako si na pracovnej križovatke vybrať správny smer. | ||
| 610 | 2 | 0 | |a manažéri |
| 610 | 2 | 0 | |a ženy |
| 610 | 2 | 0 | |a koučovanie |
| 610 | 2 | 0 | |a práca |
| 610 | 2 | 0 | |a komunikácia |
| 610 | 2 | 0 | |a vzťahy medziľudské |
| 610 | 2 | 0 | |a talenty |
| 100 | 1 | |a Mekyňová, Júlia | |